[Event "Sochi ChessAmateur op"]
[Site "Sochi"]
[Date "2018.04.02"]
[Round "3"]
[White "Bikchentaev, Farit Kharulovich"]
[Black "Kastanieda, Alla"]
[Result "1-0"]
[WhiteElo "1782"]
[BlackElo "1415"]
[PlyCount "59"]
[EventDate "2018.04.01"]
[EventType "swiss"]
[EventRounds "9"]
[EventCountry "RUS"]
[SourceTitle "CBM 184 Extra"]
[Source "ChessBase"]
[SourceDate "2018.06.28"]
[SourceVersion "1"]
[SourceVersionDate "2018.06.28"]
[SourceQuality "1"]

1. c4 e5 2. g3 h5 3. Bg2 h4 4. Nc3 Bb4 5. Qc2 Bxc3 6. Qxc3 d6 7. b3 h3 8. Be4 f5 9. Bc2 Nf6 10. Bb2 Bd7 11. Nf3 Bc6 12. Bxf5 Be4 13. Bxe4 Nxe4 14. Qe3 Nf6 15. 0-0 Nc6 16. a3 Qd7 17. d4 e4 18. d5 Ne7 19. Bxf6 gxf6 20. Nd4 f5 21. f3 exf3 22. Rxf3 Kd8 23. Raf1 Re8 24. Ne6+ Kc8 25. g4 b6 26. Rxh3 fxg4 27. Rh7 Nf5 28. Rxd7 Nxe3 29. Rxc7+ Kb8 30. Rff7 1-0